Manual of Practical Biochemistry for BDS (Record no. 22851)

MARC details
000 -LEADER
fixed length control field 00400nam a22001697a 4500
003 - CONTROL NUMBER IDENTIFIER
control field SGT
020 ## - INTERNATIONAL STANDARD BOOK NUMBER
International Standard Book Number 9788182967437
082 ## - DEWEY DECIMAL CLASSIFICATION NUMBER
Classification number 612.015
Item number M19G
100 ## - MAIN ENTRY--PERSONAL NAME
Personal name Gupta, S. K.
245 ## - TITLE STATEMENT
Title Manual of Practical Biochemistry for BDS
250 ## - EDITION STATEMENT
Edition statement 3rd
260 ## - PUBLICATION, DISTRIBUTION, ETC. (IMPRINT)
Place of publication, distribution, etc Delhi, India
Name of publisher, distributor, etc Arya Publishing Co.
Year of Publication 2019
300 ## - PAGE DESCRIPTION
No. of Pages 150
650 ## - SUBJECT ADDED ENTRY--TOPICAL TERM
Topical term or geographic name as entry element Biochemistry
653 ## - KEYWORDS--INDEX TERM
Keyword term Biochemistry
942 ## - ADDED ENTRY ELEMENTS (KOHA)
Source of classification or shelving scheme Dewey Decimal Classification
Koha item type Books
942 ## - ADDED ENTRY ELEMENTS (KOHA)
-- 90
Holdings
Withdrawn status Lost status Source of classification or shelving scheme Damaged status Not for loan Home library Current library Date acquired Vendor Name Cost, normal purchase price SGTU Bill Number Total Checkouts Full call number Accession No. (Barcode) Date last seen Date last borrowed Bill Date Koha item type Checked out
    Dewey Decimal Classification     SGT Dental Library SGT Dental Library 11/06/2022 Ahuja Book Co. Pvt. Ltd. 295.00 SGTU 14481 17 612.015 M19G FD8927 18/02/2026 12/02/2026 19/05/2022 Books  
    Dewey Decimal Classification     SGT Dental Library SGT Dental Library 11/06/2022 Ahuja Book Co. Pvt. Ltd. 295.00 SGTU 14481 19 612.015 M19G FD8928 06/04/2026 27/03/2026 19/05/2022 Books  
    Dewey Decimal Classification     SGT Dental Library SGT Dental Library 11/06/2022 Ahuja Book Co. Pvt. Ltd. 295.00 SGTU 14481 40 612.015 M19G FD8929 03/06/2026 03/06/2026 19/05/2022 Books 17/06/2026
    Dewey Decimal Classification     SGT Dental Library SGT Dental Library 11/06/2022 Ahuja Book Co. Pvt. Ltd. 295.00 SGTU 14481 18 612.015 M19G FD8930 23/09/2025 08/09/2025 19/05/2022 Books  
    Dewey Decimal Classification     SGT Dental Library SGT Dental Library 11/06/2022 Ahuja Book Co. Pvt. Ltd. 295.00 SGTU 14481 26 612.015 M19G FD8931 18/02/2026 17/02/2026 19/05/2022 Books